000 00202nam a22000857a 4500
008 160817b xxu||||| |||| 00| 0 eng d
100 _9160
_aSebahattin
245 _aHagia Sophia
260 _bNet Turislik
_c1997
999 _c2818
_d2818